[Event "17th Unive Open 2013"]
[Site "Hoogeveen NED"]
[Date "2013.10.21"]
[Round "4.3"]
[White "Haslinger, Stewart G"]
[Black "Levin, Felix"]
[Result "1/2-1/2"]
[WhiteTitle "GM"]
[BlackTitle "GM"]
[WhiteElo "2543"]
[BlackElo "2480"]
[WhiteFideId "405248"]
[BlackFideId "4650905"]
[EventDate "2013.10.18"]

1. e4 e5 2. Nf3 Nc6 3. d4 exd4 4. Nxd4 Nf6 5. Nxc6 bxc6 6. e5 Qe7 7. Qe2 Nd5 8.
c4 Ba6 9. Nd2 g6 10. Nf3 Qb4+ 11. Kd1 Nb6 12. b3 Bg7 13. Qd2 Qxd2+ 14. Bxd2 O-O
15. c5 Bxf1 16. Rxf1 Nd5 17. Rc1 Rfe8 18. Re1 h6 19. Rc4 Kf8 20. Re2 Ke7 21. Ne1
Kd8 22. Nd3 Kc8 23. g4 Kb7 24. f4 f6 25. exf6 Bxf6 26. Rce4 Rf8 27. Kc2 Rf7 28.
g5 Bg7 29. gxh6 Bxh6 30. Ne5 Rg7 31. Nc4 a6 32. Ne3 Rf7 33. Nxd5 cxd5 34. Re7
Raf8 35. Rxf7 Rxf7 36. f5 Bxd2 37. fxg6 Rg7 38. Rxd2 Rxg6 39. Rxd5 Kc6 40. Rd2
Rh6 41. b4 a5 42. a3 Rh3 43. Kb2 axb4 44. axb4 Kb5 45. Rxd7 Kxb4 1/2-1/2

[Event "17th Unive Open 2013"]
[Site "Hoogeveen NED"]
[Date "2013.10.21"]
[Round "4.4"]
[White "Wagner, Dennis"]
[Black "Okkes, Menno"]
[Result "0-1"]
[WhiteTitle "IM"]
[BlackTitle "FM"]
[WhiteElo "2481"]
[BlackElo "2351"]
[WhiteFideId "24650684"]
[BlackFideId "1000756"]
[EventDate "2013.10.18"]

1. c4 c5 2. Nf3 Nf6 3. d4 cxd4 4. Nxd4 e6 5. Nc3 a6 6. a3 Qc7 7. e4 b6 8. Be2
Bb7 9. f3 d6 10. Be3 Be7 11. O-O O-O 12. Qd2 Nbd7 13. Rac1 Rac8 14. Kh1 Qb8 15.
Rfd1 Rfe8 16. Bg1 Bd8 17. Rc2 Ne5 18. b3 Bc7 19. Bf1 Qa8 20. b4 h5 21. Qf2 Ng6
22. Nb3 h4 23. Na4 h3 24. Nxb6 Nxe4 25. fxe4 Bxb6 26. Qxb6 Bxe4 27. Rdd2 Nh4 28.
Qd4 e5 29. Qc3 hxg2+ 30. Bxg2 Nxg2 31. Rxg2 Re6 32. c5 Rg6 33. Qb2 Qd5 34. Na5
dxc5 35. bxc5 Re8 36. h3 Qd8 37. Nc4 Qh4 38. Qc3 Rg3 39. Ne3 Rxh3+ 40. Bh2 Rxh2+ 0-1

[Event "17th Unive Open 2013"]
[Site "Hoogeveen NED"]
[Date "2013.10.21"]
[Round "4.5"]
[White "Slingerland, Fred"]
[Black "Tania, Sachdev"]
[Result "1/2-1/2"]
[WhiteTitle "IM"]
[BlackTitle "IM"]
[WhiteElo "2345"]
[BlackElo "2438"]
[WhiteFideId "1002473"]
[BlackFideId "5007844"]
[EventDate "2013.10.18"]

1. e4 e5 2. Nf3 Nc6 3. Bb5 Nge7 4. Nc3 g6 5. d4 exd4 6. Nd5 Nxd5 7. exd5 Qe7+ 8.
Kf1 Ne5 9. Nxe5 Qxe5 10. Qf3 Be7 11. Bf4 Qf6 12. Re1 O-O 13. Bxc7 Qxf3 14. gxf3
Bb4 15. c3 dxc3 16. a3 Bc5 17. b4 Bd4 18. Bd6 Rd8 19. Bc7 Rf8 20. Bd6 Rd8 21.
Kg2 b6 22. Bc7 Rf8 23. Bd6 Rd8 24. Bc7 Rf8 25. Bd6 1/2-1/2

[Event "17th Unive Open 2013"]
[Site "Hoogeveen NED"]
[Date "2013.10.21"]
[Round "4.6"]
[White "Lorscheid, Gerhard"]
[Black "Van Kooten, Luuk"]
[Result "1/2-1/2"]
[WhiteTitle "FM"]
[BlackTitle "FM"]
[WhiteElo "2218"]
[BlackElo "2375"]
[WhiteFideId "4606000"]
[BlackFideId "1006533"]
[EventDate "2013.10.18"]

1. d4 Nf6 2. c4 c5 3. d5 e6 4. Nc3 exd5 5. cxd5 d6 6. e4 g6 7. Bd3 Bg7 8. h3 O-O
9. Nf3 Nh5 10. Bg5 Bf6 11. Bh6 Bg7 12. Bg5 Bf6 13. Bh6 Re8 14. O-O Nd7 15. Qd2
a6 16. a4 Ne5 17. Be2 Nxf3+ 18. Bxf3 Be5 19. a5 Bd7 20. Na4 Bxa4 21. Rxa4 Qf6
22. Bg5 1/2-1/2

[Event "17th Unive Open 2013"]
[Site "Hoogeveen NED"]
[Date "2013.10.21"]
[Round "4.7"]
[White "Hopman, Pieter"]
[Black "Ernst, Sipke"]
[Result "0-1"]
[WhiteTitle "FM"]
[BlackTitle "GM"]
[WhiteElo "2338"]
[BlackElo "2573"]
[WhiteFideId "1005669"]
[BlackFideId "1004689"]
[EventDate "2013.10.18"]

1. d4 Nf6 2. c4 e6 3. Nf3 d5 4. g3 Bb4+ 5. Bd2 a5 6. a3 Be7 7. Bg2 O-O 8. cxd5
exd5 9. O-O c6 10. Nc3 Bf5 11. Kh1 Nbd7 12. Ng1 Nb6 13. b3 Ne4 14. Be1 Re8 15.
a4 Bd6 16. e3 Qg5 17. Nce2 Nf6 18. Nf3 Qh6 19. Nh4 Bg4 20. Ra2 g5 21. Nf3 Nbd7
22. Nfg1 Bf5 23. Nc3 Re6 24. Bd2 Kh8 25. Nf3 Ne4 26. Nxe4 dxe4 27. Ne5 Nxe5 28.
dxe5 Bxe5 29. Bxa5 Rd6 30. Qe1 Rd3 31. Rd2 Rxb3 32. Rd8+ Rxd8 33. Bxd8 Rd3 34.
Be7 g4 35. Qa5 Qe6 36. Qa8+ Qc8 37. Qxc8+ Bxc8 38. Bxe4 Rd2 39. Kg2 Be6 40. Bb1
Kg7 41. Bc5 h5 42. e4 Bd4 43. Bxd4+ Rxd4 44. Bc2 Rc4 45. Bb3 Rxe4 46. Bxe6 Rxe6
47. Rb1 Re7 48. h3 gxh3+ 49. Kxh3 c5 50. Rc1 Rc7 51. Rc4 b6 52. Kg2 Kf6 53. Kf3
Ke5 54. Ke3 Re7 55. Rh4 Kd5+ 56. Kd3 Re5 57. Rf4 Ke6 58. Rh4 Rf5 59. Kc4 Rxf2
60. a5 bxa5 61. Rxh5 Rf5 62. Rh8 Rg5 63. Re8+ Kf5 64. Re3 Kg4 65. Ra3 Rf5 66.
Kb5 Rf3 0-1

[Event "17th Unive Open 2013"]
[Site "Hoogeveen NED"]
[Date "2013.10.21"]
[Round "4.8"]
[White "Donchenko, Alexander"]
[Black "Bezemer, Arno"]
[Result "1/2-1/2"]
[WhiteTitle "IM"]
[BlackTitle "FM"]
[WhiteElo "2479"]
[BlackElo "2327"]
[WhiteFideId "24603295"]
[BlackFideId "1001396"]
[EventDate "2013.10.18"]

1. Nf3 Nf6 2. g3 g6 3. Bg2 Bg7 4. O-O O-O 5. c4 c5 6. d4 cxd4 7. Nxd4 d5 8. cxd5
Nxd5 9. Nc3 Nxc3 10. bxc3 Qa5 11. Qb3 Nc6 12. Be3 Qa6 13. Nxc6 bxc6 14. Bd4 c5
15. Bxc5 Be6 16. Qa3 Qxa3 17. Bxa3 Rfd8 18. Bc6 Rac8 19. Rfd1 Rxd1+ 20. Rxd1
Bxa2 21. Bb5 Bf8 1/2-1/2

[Event "17th Unive Open 2013"]
[Site "Hoogeveen NED"]
[Date "2013.10.21"]
[Round "4.9"]
[White "Pel, Bonno"]
[Black "Goudriaan, Etienne"]
[Result "0-1"]
[WhiteTitle "FM"]
[BlackTitle "FM"]
[WhiteElo "2291"]
[BlackElo "2410"]
[WhiteFideId "1004760"]
[BlackFideId "1021150"]
[EventDate "2013.10.18"]

1. g3 Nf6 2. Bg2 e5 3. d3 d5 4. Nf3 Nc6 5. a3 h6 6. b4 Bd6 7. O-O O-O 8. b5 Ne7
9. Bb2 Ng6 10. Nbd2 Re8 11. c4 e4 12. Ne1 exd3 13. Nxd3 Bg4 14. Re1 c6 15. bxc6
bxc6 16. Bxf6 Qxf6 17. cxd5 Rxe2 18. dxc6 Qc3 19. Nf3 Bxf3 20. Bxf3 Rd2 21. Qa4
Qxd3 22. Re3 Qd4 23. Qxd4 Rxd4 24. Rae1 Rf8 25. h4 f6 26. Rc1 Bc7 27. Rb3 Ne5
28. Be2 Rdd8 29. Rb7 Bb6 30. Kf1 Rc8 31. Bb5 Rf7 32. Ba6 Rfc7 33. f4 Nxc6 0-1

[Event "17th Unive Open 2013"]
[Site "Hoogeveen NED"]
[Date "2013.10.21"]
[Round "4.10"]
[White "Klomp, Robert"]
[Black "Hendriks, Willy"]
[Result "0-1"]
[BlackTitle "IM"]
[WhiteElo "2105"]
[BlackElo "2407"]
[WhiteFideId "1012584"]
[BlackFideId "1000713"]
[EventDate "2013.10.18"]

1. c4 g6 2. Nc3 Bg7 3. g3 e5 4. Bg2 d6 5. e4 Nc6 6. Nge2 Nh6 7. O-O O-O 8. h3
Be6 9. d3 Qd7 10. Kh2 f5 11. f4 Rae8 12. Be3 fxe4 13. Nxe4 Nf5 14. Bf2 Kh8 15.
Rb1 Bg8 16. Qa4 Qd8 17. Qb5 Qc8 18. b4 exf4 19. Nxf4 Ne5 20. c5 d5 21. Ng5 c6
22. Qa4 h6 23. Nf3 Bh7 24. Nxe5 Bxe5 25. b5 g5 26. Ne2 Bg7 27. Nd4 Ne3 28. Bxe3
Rxe3 29. bxc6 bxc6 30. Rxf8+ Qxf8 31. Nxc6 Qf2 32. Rf1 Qxg3+ 33. Kh1 Bxd3 34.
Rg1 Be4 35. Qd1 Qxh3# 0-1

[Event "17th Unive Open 2013"]
[Site "Hoogeveen NED"]
[Date "2013.10.21"]
[Round "4.13"]
[White "Rooze, Jan"]
[Black "Schoehuijs, Erik"]
[Result "1-0"]
[WhiteTitle "FM"]
[WhiteElo "2355"]
[BlackElo "2184"]
[WhiteFideId "200050"]
[BlackFideId "1004425"]
[EventDate "2013.10.18"]

1. e4 e5 2. Nf3 d6 3. d4 Nf6 4. dxe5 Nxe4 5. Qd5 Nc5 6. Bg5 Qd7 7. exd6 Qxd6 8.
Nc3 a6 9. O-O-O Be6 10. Qe5 Nbd7 11. Qe3 Qb6 12. Nd5 Qc6 13. Bc4 b5 14. Nd4 Qb7
15. Nxe6 fxe6 16. Be2 c6 17. Bh5+ g6 18. Nf6+ Nxf6 19. Bxf6 Rg8 20. Bf3 Rc8 21.
Rhe1 Qf7 22. Bxc6+ 1-0

[Event "17th Unive Open 2013"]
[Site "Hoogeveen NED"]
[Date "2013.10.21"]
[Round "4.14"]
[White "De Jong, Migchiel"]
[Black "Vogel, Jaap"]
[Result "1-0"]
[WhiteTitle "IM"]
[BlackTitle "FM"]
[WhiteElo "2345"]
[BlackElo "2180"]
[WhiteFideId "1002848"]
[BlackFideId "1000764"]
[EventDate "2013.10.18"]

1. e4 e6 2. d4 d5 3. Nc3 Bb4 4. e5 c5 5. a3 Bxc3+ 6. bxc3 Qa5 7. Bd2 Qa4 8. Qg4
Kf8 9. Qd1 b6 10. dxc5 Ba6 11. Bxa6 Nxa6 12. cxb6 axb6 13. Ne2 Ne7 14. O-O Nc5
15. Be3 Nd7 16. Rb1 Ra6 17. Bd4 h5 18. Nf4 g6 19. Qf3 Kg7 20. Rb3 Nf5 21. Ne2
Rc8 22. Rfb1 Qc4 23. h3 Rca8 24. Rb4 Nxd4 25. cxd4 Qxc2 26. Rc1 Qa2 27. Nc3 Qxa3
28. Rcb1 Rc8 29. R4b3 Qe7 30. Nb5 Ra2 31. Qf4 Re2 32. Nd6 Rc6 33. Rf3 Rxd6 34.
exd6 Qf8 35. Re3 Rc2 36. Ra1 Rc6 37. Rf3 Rxd6 38. Ra7 Qe7 39. Rc3 e5 40. Re3 e4
41. Rc3 Rf6 42. Qc1 Qd6 43. Rc8 e3 44. fxe3 Qg3 45. Qd2 Nf8 46. Raa8 Nh7 47. Rh8
h4 48. Rag8+ Kh6 49. Rd8 Rf5 50. e4+ Rf4 51. exd5 Kg7 52. Rdg8+ Kh6 53. d6 g5
54. Qe2 1-0

[Event "17th Unive Open 2013"]
[Site "Hoogeveen NED"]
[Date "2013.10.21"]
[Round "4.15"]
[White "Berkovich, Mark A"]
[Black "Krasenkova, Ilena"]
[Result "1-0"]
[WhiteTitle "IM"]
[BlackTitle "WIM"]
[WhiteElo "2372"]
[BlackElo "2133"]
[WhiteFideId "2801639"]
[BlackFideId "4119037"]
[EventDate "2013.10.18"]

1. c4 Nf6 2. Nc3 d5 3. cxd5 Nxd5 4. g3 g6 5. Bg2 Nb6 6. d3 Bg7 7. Be3 N8d7 8.
Nf3 Nf6 9. Qd2 Ng4 10. Bc5 Nd5 11. Ba3 c6 12. d4 Nb6 13. b3 O-O 14. O-O Re8 15.
Rad1 a5 16. Qc2 Nd5 17. Na4 Nb4 18. Qd2 Bh6 19. e3 Nd5 20. Rfe1 Rb8 21. h3 Ngf6
22. Ne5 Be6 23. Nc5 Qc8 24. Kh2 b6 25. Ncd3 a4 26. bxa4 Ra8 27. Qc2 b5 28. e4
Nxe4 29. Bxe4 Rxa4 30. Bc1 Bxc1 31. Rxc1 Rxd4 32. Qxc6 Qxc6 33. Nxc6 Rc4 34.
Rxc4 bxc4 35. Nc5 Kf8 36. Nxe6+ fxe6 37. Nd4 Nc3 38. Nxe6+ Kf7 39. Ng5+ Kg7 40.
Rc1 Nxa2 41. Rxc4 Rb8 42. h4 h6 43. Ne6+ Kf6 44. Nf4 g5 45. Rc6+ Ke5 46. Re6+
Kd4 47. Ne2+ Kc4 48. Rc6+ Kb5 49. Nd4+ Ka5 50. Rc5+ Ka4 51. Nc6 Ra8 52. Nxe7 Rf8
53. Rf5 Rh8 54. Ng6 Rc8 55. hxg5 hxg5 56. Rxg5 Nc3 57. Rg4 Kb5 58. Bd3+ Kb6 59.
Rb4+ Ka5 60. Rc4 Rxc4 61. Bxc4 Kb4 62. Bg8 Kc5 63. f4 Kd4 64. g4 Nd5 1-0

[Event "17th Unive Open 2013"]
[Site "Hoogeveen NED"]
[Date "2013.10.21"]
[Round "4.16"]
[White "Van Foreest, Jorden"]
[Black "Van Foreest, Lucas"]
[Result "1-0"]
[WhiteElo "2310"]
[BlackElo "2122"]
[WhiteFideId "1039784"]
[BlackFideId "1039792"]
[EventDate "2013.10.18"]

1. e4 e5 2. Nf3 Nc6 3. d4 exd4 4. Nxd4 Bc5 5. Nb3 Bb6 6. Nc3 d6 7. Qe2 h6 8. Be3
Nf6 9. O-O-O O-O 10. g4 Bxe3+ 11. Qxe3 Nxg4 12. Qg3 f5 13. exf5 Qg5+ 14. f4 Qxf5
15. Nd5 Qf7 16. Rg1 Be6 17. Bc4 Rae8 18. f5 Qxf5 19. Nxc7 Bxc4 20. Nxe8 Nb4 21.
Nd4 Qg5+ 22. Kb1 Bxa2+ 23. Ka1 Rxe8 24. Qxg4 Qxg4 25. Rxg4 Bf7 26. Rdg1 g6 27.
c3 Nd5 28. Nf5 Ne3 29. Nxd6 Re6 30. Re4 Nc2+ 31. Kb1 Na3+ 32. bxa3 Rxd6 33. Rd4
Rf6 34. Rd7 Rb6+ 35. Kc2 g5 36. Kd3 Bg6+ 37. Kd4 Rb2 38. Ke5 Rb5+ 39. Rd5 Rb3
40. Rd8+ Kg7 41. Rd7+ Kg8 42. h4 Rxc3 43. hxg5 hxg5 44. Rxg5 Rc5+ 45. Kf4 Rxg5
46. Kxg5 Be4 47. Kf6 Bc6 48. Rd8+ Kh7 49. Rd4 Kg8 50. Ke7 Bf3 51. Ra4 a6 52. Rf4
Be2 53. Rf6 a5 54. Rb6 Bf3 55. Rb5 a4 56. Rb4 Bc6 57. Rg4+ Kh7 58. Kf6 b5 59.
Rg5 Be4 60. Rxb5 Bc2 61. Rg5 Bb3 62. Rg3 Bc2 63. Ke5 Bg6 64. Rg4 Be8 65. Kd6 1-0

[Event "17th Unive Open 2013"]
[Site "Hoogeveen NED"]
[Date "2013.10.21"]
[Round "4.17"]
[White "Lopez, Jasel"]
[Black "Piasetski, Leon"]
[Result "1-0"]
[WhiteTitle "CM"]
[BlackTitle "IM"]
[WhiteElo "2130"]
[BlackElo "2295"]
[WhiteFideId "15900045"]
[BlackFideId "2600072"]
[EventDate "2013.10.18"]

1. d4 f5 2. c4 Nf6 3. Nc3 e6 4. g3 d5 5. Bg2 c6 6. Nf3 Be7 7. O-O O-O 8. b3 Bd7
9. Ne5 Be8 10. f3 c5 11. cxd5 exd5 12. Be3 cxd4 13. Bxd4 Nc6 14. Nxc6 bxc6 15.
Na4 Bd6 16. Qd2 Qe7 17. Rac1 Bd7 18. Nc5 Rae8 19. e3 h5 20. f4 Ne4 21. Bxe4 fxe4
22. Nxd7 Qxd7 23. Qe2 g6 24. Qa6 Rc8 25. Bc5 Rc7 26. b4 Bxc5 27. Rxc5 Rb8 28. a3
h4 29. Qe2 Rb5 30. f5 Rxc5 31. bxc5 hxg3 32. hxg3 Qg7 33. f6 Qh6 34. Qb2 Qxe3+
35. Kg2 Rf7 36. Qb8+ Rf8 37. f7+ 1-0

[Event "17th Unive Open 2013"]
[Site "Hoogeveen NED"]
[Date "2013.10.21"]
[Round "4.18"]
[White "Van Wageningen, Arie"]
[Black "Englert, Fabian"]
[Result "0-1"]
[WhiteElo "2036"]
[BlackElo "2290"]
[WhiteFideId "1033450"]
[BlackFideId "24614467"]
[EventDate "2013.10.18"]

1. Nf3 c5 2. c4 g6 3. Nc3 Bg7 4. d4 cxd4 5. Nxd4 Nc6 6. e3 d6 7. Be2 Nh6 8. Nxc6
bxc6 9. e4 O-O 10. O-O f5 11. Bf3 f4 12. c5 g5 13. h3 Be6 14. cxd6 exd6 15. Bg4
Nxg4 16. hxg4 Be5 17. a4 a5 18. Ra3 Qd7 19. Re1 Bxg4 20. f3 Be6 21. g4 h5 22.
gxh5 Qa7+ 23. Kf1 Rf7 24. Ke2 g4 25. Kd3 g3 26. Kc2 Rb8 27. Qd3 Qc5 28. Kd1 Bb3+
29. Kd2 Bc4 30. Qc2 Qd4+ 0-1

[Event "17th Unive Open 2013"]
[Site "Hoogeveen NED"]
[Date "2013.10.21"]
[Round "4.20"]
[White "Wunnink, Michael"]
[Black "Beerdsen, Thomas"]
[Result "1-0"]
[WhiteElo "2244"]
[BlackElo "2106"]
[WhiteFideId "1005448"]
[BlackFideId "1030108"]
[EventDate "2013.10.18"]

1. d4 d5 2. c4 c6 3. Nc3 Nf6 4. Nf3 e6 5. Bg5 h6 6. Bh4 dxc4 7. e4 g5 8. Bg3 b5
9. Be2 Bb7 10. O-O Nbd7 11. Ne5 Bg7 12. Nxd7 Nxd7 13. Bd6 a6 14. a4 e5 15. Bg4
exd4 16. e5 Nxe5 17. Qxd4 Bc8 18. Rfe1 Bxg4 19. Bxe5 Qxd4 20. Bxg7+ Kd7 21. Bxd4
Rhe8 22. Ne4 Kc7 23. a5 c5 24. Nxc5 Rxe1+ 25. Rxe1 Kd6 26. Re5 f6 27. Ne4+ Kc6
28. Rc5+ Kb7 29. Nd6+ Kb8 30. f3 1-0

[Event "17th Unive Open 2013"]
[Site "Hoogeveen NED"]
[Date "2013.10.21"]
[Round "4.21"]
[White "Hulshof, Peter"]
[Black "Hoffman, Ron"]
[Result "1/2-1/2"]
[WhiteElo "2206"]
[BlackElo "2055"]
[WhiteFideId "1003291"]
[BlackFideId "1007599"]
[EventDate "2013.10.18"]

1. e4 Nc6 2. Nf3 d6 3. d4 g6 4. d5 Nb8 5. Nc3 Bg7 6. Bg5 Nf6 7. Qd2 O-O 8. Bh6
c6 9. Bxg7 Kxg7 10. Nd4 c5 11. Nb3 a6 12. a4 Qc7 13. Bc4 Nbd7 14. O-O Rb8 15.
Kh1 Nb6 16. Be2 e5 17. a5 Nbd7 18. Bc4 Ne8 19. g3 f6 20. f4 Qd8 21. Nc1 Qe7 22.
Nd3 Nc7 23. Rae1 b5 24. axb6 Nxb6 25. b3 Bh3 26. Rf2 Bd7 27. Nxc5 Nxc4 28. bxc4
dxc5 29. d6 Qd8 30. dxc7 Qxc7 31. Nd5 Qd6 32. Qc3 1/2-1/2

[Event "17th Unive Open 2013"]
[Site "Hoogeveen NED"]
[Date "2013.10.21"]
[Round "4.22"]
[White "Baskin, Robert"]
[Black "Gieben, Stijn"]
[Result "1-0"]
[WhiteElo "2179"]
[BlackElo "2022"]
[WhiteFideId "24662402"]
[BlackFideId "1034170"]
[EventDate "2013.10.18"]

1. e4 c5 2. Nf3 d6 3. d4 cxd4 4. Nxd4 Nf6 5. Nc3 a6 6. Bc4 e5 7. Nf3 Be6 8. Bb3
Nc6 9. Bg5 Be7 10. Bxf6 Bxf6 11. Nd5 Bxd5 12. Bxd5 O-O 13. O-O Qb6 14. Rb1 Rac8
15. c3 Ne7 16. Bb3 Rc5 17. Ne1 a5 18. Nc2 g6 19. Ne3 Kg7 20. Qf3 Bg5 21. Nd5
Nxd5 22. Bxd5 f5 23. exf5 Rxf5 24. Qd3 Qc7 25. Rbd1 Be7 26. c4 Rf6 27. Qb3 Bd8
28. Qa4 Qe7 29. Rd3 Bb6 30. Rb3 Qc7 31. g3 Rf8 32. Kg2 Kh6 33. a3 Kg7 34. Rd3
Qe7 35. Rb3 Qc7 36. h4 h6 37. h5 gxh5 38. Rxb6 Qxb6 39. Qd7+ Kg6 40. Qe6+ Rf6
41. Qe8+ Kg5 42. f4+ exf4 43. gxf4+ Kg4 44. Qe2+ Kf5 45. Qe4+ Kg4 46. f5+ Kg5
47. Qf4# 1-0

[Event "17th Unive Open 2013"]
[Site "Hoogeveen NED"]
[Date "2013.10.21"]
[Round "4.23"]
[White "Brookes, Christopher"]
[Black "De Jonge, Boris"]
[Result "1-0"]
[WhiteElo "2136"]
[BlackElo "2002"]
[WhiteFideId "4669355"]
[BlackFideId "1024850"]
[EventDate "2013.10.18"]

1. e4 e5 2. Nf3 Nc6 3. Bb5 a6 4. Ba4 Nf6 5. O-O Be7 6. Re1 b5 7. Bb3 d6 8. c3
O-O 9. h3 Na5 10. Bc2 c5 11. d4 Qc7 12. Nbd2 cxd4 13. cxd4 Nc6 14. d5 Nb4 15.
Bb1 a5 16. Nf1 Bd7 17. Bd2 Na6 18. g4 h5 19. g5 Nh7 20. h4 g6 21. Ng3 Bg4 22.
Qb3 Nc5 23. Qe3 Bxf3 24. Qxf3 f6 25. gxf6 Nxf6 26. Qg2 Kh7 27. Bc2 Ng4 28. f3
Nh6 29. Kh1 Bxh4 30. Rg1 Rg8 31. Qh3 Qe7 32. Raf1 Raf8 33. Ne2 g5 34. Ng3 g4 35.
Qh2 Bg5 36. Nf5 Nxf5 37. exf5 Kg7 38. fxg4 Bxd2 39. gxh5+ Kh8 40. Rxg8+ Rxg8 41.
f6 Qf7 42. Qxd2 Qxh5+ 43. Qh2 Qxh2+ 44. Kxh2 e4 45. Kh3 Kh7 46. Bd1 Kg6 47. Rg1+
Kf7 48. Bh5+ Kf8 49. Rxg8+ Kxg8 50. Kg4 b4 51. b3 Kf8 52. Kf5 e3 53. Kf4 Nd7 54.
Kxe3 Nxf6 55. Bf3 Nd7 56. Bg4 Ne5 57. Bf5 Kg7 58. Kf4 Kf6 59. Bc2 Nd7 60. Bd3
Nb6 61. Be4 a4 62. bxa4 Nxa4 63. Bc2 Nc3 64. Bb3 Nb5 65. Bc4 Na3 66. Bd3 Kf7 67.
Kf5 Ke7 68. Kg6 Kd7 69. Kf7 Kc7 70. Ke7 Kb6 71. Kxd6 Nb5+ 72. Bxb5 Kxb5 73. Kc7
Ka4 74. d6 Ka3 75. d7 Kxa2 76. d8=Q b3 77. Qa8+ Kb1 78. Qa4 b2 79. Qb3 Ka1 80.
Qa3+ Kb1 81. Kb6 Kc1 82. Qc3+ Kb1 83. Kb5 Ka2 84. Qc4+ Ka1 85. Qa4+ Kb1 86. Kb4
Kc1 87. Qc6+ Kd1 88. Kc3 b1=N+ 89. Kd3 1-0

[Event "17th Unive Open 2013"]
[Site "Hoogeveen NED"]
[Date "2013.10.21"]
[Round "4.24"]
[White "Dijkhuis, Sven"]
[Black "Pancevski, Filip"]
[Result "0-1"]
[BlackTitle "IM"]
[WhiteElo "1921"]
[BlackElo "2493"]
[WhiteFideId "1036556"]
[BlackFideId "15002187"]
[EventDate "2013.10.18"]

1. e4 e5 2. Nf3 Nc6 3. Bb5 a6 4. Ba4 d6 5. c3 Bd7 6. O-O Nf6 7. Re1 g6 8. d4 Qe7
9. Nbd2 Bg7 10. Nf1 O-O 11. Ng3 b5 12. Bb3 Na5 13. Bc2 c5 14. h3 Rac8 15. d5 c4
16. Bg5 Nb7 17. Qd2 Nc5 18. Nh2 a5 19. f4 h6 20. fxe5 hxg5 21. exf6 Bxf6 22. Nf3
g4 23. hxg4 Bxg4 24. Rf1 Bxf3 25. Rxf3 Bg5 26. Qf2 Nd7 27. Nf1 Kg7 28. Rh3 Ne5
29. Ne3 Rh8 30. Rf1 Rxh3 31. gxh3 Qa7 32. Nd1 Qxf2+ 33. Rxf2 Rb8 34. Kg2 b4 35.
Kg3 b3 36. axb3 cxb3 37. Bb1 a4 38. h4 Bc1 0-1

[Event "17th Unive Open 2013"]
[Site "Hoogeveen NED"]
[Date "2013.10.21"]
[Round "4.25"]
[White "Algera, Symon"]
[Black "Clemens, Adrian"]
[Result "1/2-1/2"]
[BlackTitle "FM"]
[WhiteElo "2108"]
[BlackElo "2206"]
[WhiteFideId "1004859"]
[BlackFideId "1006487"]
[EventDate "2013.10.18"]

1. d4 Nf6 2. c4 g6 3. Nf3 Bg7 4. g3 d5 5. Bg2 dxc4 6. Qa4+ Nfd7 7. Qxc4 Nb6 8.
Qd3 Nc6 9. Be3 O-O 10. Na3 e5 11. Rd1 Qe7 12. Nxe5 Nxe5 13. dxe5 Bxe5 14. Bc1
Bf5 15. Qe3 Qb4+ 16. Rd2 Rfe8 17. Qb3 Qxb3 18. axb3 c6 19. O-O Be6 20. Rd3 Red8
21. Rfd1 Bf6 22. b4 a6 23. Be3 Nc4 24. Rxd8+ Rxd8 25. Rxd8+ Bxd8 26. Bd4 f5 27.
Nxc4 Bxc4 28. e4 fxe4 29. Bxe4 Kf7 30. f4 Ke6 31. Kf2 Be7 32. Bc3 c5 33. b5 axb5
34. Bxb7 b4 35. Bc8+ Kf7 36. Be5 Bd5 37. f5 Bf6 38. Bxf6 Kxf6 39. fxg6 hxg6 40.
Ke3 Ke5 41. h4 c4 42. Kd2 Kd4 43. Bd7 c3+ 44. bxc3+ bxc3+ 45. Kc1 Be4 46. g4 Ke5
47. h5 gxh5 1/2-1/2

[Event "17th Unive Open 2013"]
[Site "Hoogeveen NED"]
[Date "2013.10.21"]
[Round "4.26"]
[White "Kollen, Zyon"]
[Black "Lessmann, Francis"]
[Result "1-0"]
[WhiteElo "2188"]
[BlackElo "2109"]
[WhiteFideId "1024256"]
[BlackFideId "1001949"]
[EventDate "2013.10.18"]

1. e4 d5 2. exd5 Nf6 3. Bb5+ Nbd7 4. d4 Nxd5 5. Nf3 c6 6. Be2 Qc7 7. O-O e6 8.
Re1 Be7 9. c4 N5f6 10. Nc3 O-O 11. Bf1 Rd8 12. Qe2 Nf8 13. g3 Ng6 14. Bg2 b6 15.
Ne5 Bb7 16. Nxg6 hxg6 17. Bf4 Bd6 18. Be5 Bxe5 19. dxe5 Nd7 20. f4 Ba6 21. b4
Bb7 22. Red1 a5 23. a3 Qb8 24. Ne4 axb4 25. axb4 Rxa1 26. Rxa1 c5 27. b5 Nf8 28.
Nd6 Bxg2 29. Qxg2 f6 30. Qe4 fxe5 31. fxe5 Nd7 32. Qxg6 Nxe5 33. Qxe6+ Kh7 34.
Rd1 Nf3+ 35. Kg2 Nd4 36. Qe4+ Kg8 37. Qd5+ Kh7 38. Qh5+ Kg8 39. Qf7+ Kh7 40.
Rxd4 cxd4 41. Nf5 1-0

[Event "17th Unive Open 2013"]
[Site "Hoogeveen NED"]
[Date "2013.10.21"]
[Round "4.27"]
[White "Lee, Kai Jie Edward"]
[Black "Hendriks, Richard"]
[Result "1-0"]
[WhiteElo "2164"]
[BlackElo "2104"]
[WhiteFideId "5802920"]
[BlackFideId "1006096"]
[EventDate "2013.10.18"]

1. e4 e5 2. Nf3 Nc6 3. Bb5 f5 4. d3 fxe4 5. dxe4 Nf6 6. Nc3 Bb4 7. O-O Bxc3 8.
bxc3 O-O 9. Bg5 d6 10. Qd3 Ne7 11. Qc4+ Kh8 12. Nxe5 dxe5 13. Rfd1 Ned5 14. Rxd5
Qe7 15. Rd2 a6 16. Qa4 Qc5 17. Bxf6 gxf6 18. Bd7 Bxd7 19. Rxd7 Rad8 20. Rad1
Rxd7 21. Qxd7 Qxc3 22. Qe7 Kg8 23. h4 Qxc2 24. Rd7 Qc1+ 25. Kh2 Qh6 26. Kh3 Qg6
27. Rxc7 Rf7 28. Qd8+ Kg7 29. Rc8 Kh6 30. Qd2+ Kg7 31. Rc3 1-0

[Event "17th Unive Open 2013"]
[Site "Hoogeveen NED"]
[Date "2013.10.21"]
[Round "4.28"]
[White "Cebula, Jerzy"]
[Black "Vistisen, Lars"]
[Result "0-1"]
[WhiteElo "2001"]
[BlackElo "2163"]
[WhiteFideId "1036742"]
[BlackFideId "1404598"]
[EventDate "2013.10.18"]

1. e4 e5 2. Nf3 Nc6 3. Bb5 f5 4. Nc3 fxe4 5. Nxe4 Nf6 6. Qe2 d5 7. Neg5 Bd6 8.
Nxe5 O-O 9. Bxc6 bxc6 10. d4 c5 11. O-O cxd4 12. Nc6 Qd7 13. Nxd4 Re8 14. Qd3 c5
15. Ne2 h5 16. Nh3 Qg4 17. Ng3 c4 18. Qd2 Qh4 19. Nf4 c3 20. bxc3 Ba6 21. Rd1
Bc5 22. Nf5 Qg4 23. Nd4 g5 24. h3 Qxf4 0-1